| 000 | 01895nam0a2200349 i 4500 | ||
|---|---|---|---|
| 001 | RU\NLR\BIBL_A\011386895 | ||
| 005 | 20241104161137.0 | ||
| 010 |
_a9785922815550 _9500 |
||
| 021 |
_aRU _b2017-27714 _92048 |
||
| 035 | _a(RuMoRGB)008859976 | ||
| 035 | _a(NLR Aleph) 011386895 | ||
| 090 |
_a11432692 _c11432692 |
||
| 100 | _a20170517d2017 km y0rusy50 ca | ||
| 101 | 0 | _arus | |
| 102 | _aRU | ||
| 105 | _ay|||z|||000zy | ||
| 200 | 1 |
_aМосква - Каир: падения и взлеты сотрудничества _eмонография _fМ. Л. Богданов _gФедеральное государственное автономное образовательное учреждение высшего образования "Московский государственный институт международных отношений (университет) Министерства иностранных дел Российской Федерации |
|
| 210 |
_aМосква _cМГИМО-Университет _d2017 |
||
| 215 |
_a233, [1] с. _d21 |
||
| 300 | _aНа 4-й с. обл. авт.: Богданов М.Л. - дипломат | ||
| 320 | _aБиблиогр.: с. 240-258 и в подстроч. примеч. | ||
| 607 |
_aРоссийская Федерация _xВзаимоотношения _yЕгипет _92291029 _3RU\NLR\AUTH\6601599552 |
||
| 607 |
_aЕгипет _xВзаимоотношения _yРоссийская Федерация _92291037 _3RU\NLR\AUTH\6601599555 |
||
| 686 |
_aТ3(2Р)64-643(6Ег) _2rubbk |
||
| 686 |
_aТ3(6Ег)64-64(2) _2rubbk |
||
| 686 | 1 | _aТ3(6Ег)63-64(2) | |
| 686 | 1 | _aТ3(2)74-64(6Ег) | |
| 700 | 1 |
_7ca _8rus _aБогданов _bМ. Л. _cдипломат _f1952- _gМихаил Леонидович _9173945 _3RU\NLR\AUTH\770173996 |
|
| 942 | _cBOOK | ||
| 980 | _aNBR | ||